000 00277nam a22001097a 4500
008 210304b ||||| |||| 00| 0 eng d
082 _a342.54 KNO
245 _aKnow your Constitution
260 _aThimphu :
_bKuensel Corporation,
_c2019.
300 _a62 p.
_c21 cm.
942 _2ddc
999 _c8657
_d8658